000 00901nam a2200253 a 4500
001 000002309
003 DO-SdBNP
005 20250715150200.0
008 090701s2008 dr abc 000 0dspa d
020 _a9789945162301
040 _aDO-SdBNP
_bspa
_cBNPHU
082 _a923.2
_bM378m
100 1 _aMéndez Jiminián, Jesús,
_d1960-
_97346
245 1 0 _aApuntes sobre las dos visitas de Martí a la Vega /
_cJesús Méndez Jiminián ; presentación Cintio Vitier.
260 _aSanto Domingo :
_bBúho,
_c2008.
300 _a72 p. :
_bil., mapa, retr. ;
_c24 cm.
504 _aIncluye referencias bibliográficas al pie de las páginas.
504 _aBibliografía : p. 71.
600 1 0 _aMartí, José,
_d1853-1895
_b1853-1895
_9645
651 0 _a Concepción de la Vega (Republica Dominicana )
_92180
700 1 _aVitier, Cintio
_97347
910 _aJornada de catalogación
942 _2ddc
_cLBS1
999 _c2154
_d2154